[Event "DEM U16 2008"]
[Site "Willingen GER"]
[Date "2008.05.13"]
[Round "4"]
[White "Geske, Julian"]
[Black "Jorczik, Julian"]
[Result "1/2-1/2"]
[Termination "normal"]
[Board "3"]
[BlackTitle "FM"]
[WhiteElo "2206"]
[BlackElo "2339"]
[PlyCount "50"]
[WhiteFideId "24605263"]
[BlackFideId "24611719"]
[EventCountry "GER"]
[EventRounds "9"]
[EventType "swiss"]
[EventDate "2008.05.10"]

1. e4 e6 2. d4 d5 3. Nd2 c5 4. Ngf3 cxd4 5. exd5 Qxd5 6. Bc4 Qd6 7. O-O Nf6 8.
Nb3 Nc6 9. Nbxd4 Nxd4 10. Nxd4 a6 11. b3 Qc7 12. Bb2 Bd6 13. h3 O-O 14. a4 Bd7
15. Qe2 e5 16. Nf3 Rfe8 17. Rfe1 e4 18. Ng5 Re7 19. Bxf6 gxf6 20. Nxe4 Be5 21.
Rad1 f5 22. Ng3 Rae8 23. Qh5 Bxg3 24. Qg5+ Kf8 25. Qh6+ Kg8 1/2-1/2

[Event "DEM U16 2008"]
[Site "Willingen GER"]
[Date "2008.05.13"]
[Round "4"]
[White "Mazarov, Jürgen"]
[Black "Jussupow, Alexander"]
[Result "1-0"]
[Termination "normal"]
[Board "4"]
[WhiteElo "2161"]
[BlackElo "2040"]
[PlyCount "43"]
[WhiteFideId "24617768"]
[BlackFideId "24613509"]
[EventCountry "GER"]
[EventRounds "9"]
[EventType "swiss"]
[EventDate "2008.05.10"]

1. e4 e6 2. d4 d5 3. Nd2 c5 4. exd5 Qxd5 5. Ngf3 cxd4 6. Bc4 Qd6 7. Qe2 Nc6 8.
Nb3 Nf6 9. Bg5 Bd7 10. O-O-O Qc7 11. Nbxd4 Nxd4 12. Nxd4 a6 13. Kb1 Be7 14. h4
h6 15. Bc1 O-O 16. g4 e5 17. Nf5 Bxf5 18. gxf5 Kh7 19. Rdg1 Rad8 20. Bb3 Nd5
21. Bxd5 Rxd5 22. f6 1-0

[Event "DEM U16 2008"]
[Site "Willingen GER"]
[Date "2008.05.13"]
[Round "4"]
[White "Marx, Joschka"]
[Black "Eibl, Maximilian"]
[Result "1-0"]
[Termination "normal"]
[Board "5"]
[WhiteElo "1930"]
[BlackElo "2001"]
[PlyCount "81"]
[WhiteFideId "24645869"]
[BlackFideId "24620092"]
[EventCountry "GER"]
[EventRounds "9"]
[EventType "swiss"]
[EventDate "2008.05.10"]

1. e4 c5 2. Nf3 d6 3. d4 cxd4 4. Nxd4 Nf6 5. Nc3 a6 6. Be3 e6 7. f3 b5 8. g4 h6
9. Qd2 Nbd7 10. O-O-O Nb6 11. Rg1 Bb7 12. h4 Nfd7 13. Qf2 b4 14. Nb1 Qc7 15. g5
hxg5 16. hxg5 g6 17. Nd2 Rc8 18. Bd3 Ne5 19. Kb1 Na4 20. f4 Nxd3 21. cxd3 Bg7
22. Rc1 Qd7 23. Rxc8+ Bxc8 24. Rc1 Nc5 25. Qe2 Rh3 26. N4b3 Nxb3 27. Nxb3 Bb7
28. Na5 Qb5 29. Nc4 Ke7 30. Qc2 Bc6 31. Bg1 Bd7 32. e5 dxe5 33. Nxe5 Bxe5 34.
fxe5 Qxe5 35. Bc5+ Kd8 36. Qg2 Rh8 37. Qa8+ Bc8 38. Bb6+ Kd7 39. Qc6+ Ke7 40.
Bc5+ Kd8 41. Bd6 1-0

[Event "DEM U16 2008"]
[Site "Willingen GER"]
[Date "2008.05.13"]
[Round "4"]
[White "Zelbel, Patrick"]
[Black "Grünter, Martin"]
[Result "1/2-1/2"]
[Termination "normal"]
[Board "6"]
[WhiteElo "2246"]
[BlackElo "2040"]
[PlyCount "31"]
[WhiteFideId "24624322"]
[BlackFideId "24640352"]
[EventCountry "GER"]
[EventRounds "9"]
[EventType "swiss"]
[EventDate "2008.05.10"]

1. e4 c5 2. c3 Nf6 3. e5 Nd5 4. d4 cxd4 5. Qxd4 e6 6. Nf3 Nc6 7. Qe4 f5 8. Qe2
Qc7 9. g3 b6 10. Bg2 Ncb4 11. c4 Ba6 12. b3 b5 13. a3 bxc4 14. axb4 cxb3 15.
Qxa6 Nxb4 16. O-O 1/2-1/2

[Event "DEM U16 2008"]
[Site "Willingen GER"]
[Date "2008.05.13"]
[Round "4"]
[White "Nuber, Blasius"]
[Black "Völsgen, Georg"]
[Result "1/2-1/2"]
[Termination "normal"]
[Board "7"]
[WhiteElo "2093"]
[BlackElo "1884"]
[PlyCount "72"]
[WhiteFideId "24620289"]
[BlackFideId "24635901"]
[EventCountry "GER"]
[EventRounds "9"]
[EventType "swiss"]
[EventDate "2008.05.10"]

1. e4 e5 2. Nf3 Nc6 3. d4 exd4 4. Nxd4 Bc5 5. Nb3 Bb6 6. Nc3 Nge7 7. a4 a6 8.
Bg5 O-O 9. Bd3 d6 10. O-O f6 11. Bh4 Ne5 12. Kh1 N5g6 13. Bg3 f5 14. a5 Ba7 15.
f3 f4 16. Bf2 Bxf2 17. Rxf2 Ne5 18. Nd5 Nxd5 19. exd5 Qh4 20. Re2 Rf6 21. Qe1
Qh5 22. Be4 Rh6 23. Qg1 Qg5 24. Nd4 Bd7 25. b3 Rf8 26. Rd1 c6 27. c4 Rff6 28.
Rc2 Rh4 29. c5 Rfh6 30. Rdd2 dxc5 31. Ne6 Bxe6 32. dxe6 Rxh2+ 33. Qxh2 Rxh2+
34. Kxh2 Qg3+ 35. Kh1 Qe1+ 36. Kh2 Qg3+ 1/2-1/2

[Event "DEM U16 2008"]
[Site "Willingen GER"]
[Date "2008.05.13"]
[Round "4"]
[White "Friedrich, Ricardo"]
[Black "Tkachuk, Konstantyn"]
[Result "1/2-1/2"]
[Termination "normal"]
[Board "8"]
[WhiteElo "1914"]
[BlackElo "2145"]
[PlyCount "108"]
[WhiteFideId "24667170"]
[BlackFideId "24647330"]
[EventCountry "GER"]
[EventRounds "9"]
[EventType "swiss"]
[EventDate "2008.05.10"]

1. e4 c5 2. Nf3 d6 3. d4 cxd4 4. Nxd4 Nf6 5. Nc3 g6 6. Be3 Bg7 7. f3 Nc6 8. Bc4
O-O 9. Qd2 Bd7 10. O-O-O Rc8 11. Bb3 Ne5 12. Kb1 Nc4 13. Bxc4 Rxc4 14. g4 b5
15. b3 Rc8 16. Ndxb5 a6 17. Nd4 Qc7 18. Nd5 Nxd5 19. exd5 a5 20. Ne2 a4 21. Bd4
Bxd4 22. Nxd4 Qb7 23. Rhe1 Rfe8 24. Ne2 Rc5 25. Ng3 Rb5 26. Re3 Ra8 27. h4 Be8
28. Ne4 f6 29. h5 gxh5 30. Ng3 axb3 31. cxb3 Rba5 32. Nf5 Bg6 33. Re4 Bxf5 34.
gxf5 Rxa2 35. Qxa2 Rxa2 36. Kxa2 Qa6+ 37. Kb2 Qa7 38. Rd2 Kf8 39. b4 Qd7 40.
Rdd4 Qxf5 41. b5 Qxf3 42. b6 Qf2+ 43. Kb3 Qf1 44. Kc2 Qf2+ 45. Kc3 Qf1 46. Rb4
Qc1+ 47. Kb3 Qb1+ 48. Ka3 Qa1+ 49. Kb3 Qb1+ 50. Kc3 Qc1+ 51. Kd3 Qd1+ 52. Ke3
Qe1+ 53. Kd3 Qd1+ 54. Kc4 Qf1+ 1/2-1/2

[Event "DEM U16 2008"]
[Site "Willingen GER"]
[Date "2008.05.13"]
[Round "4"]
[White "Kachibadze, Georg"]
[Black "Tiemann, Christoph"]
[Result "1-0"]
[Termination "normal"]
[Board "9"]
[WhiteElo "2098"]
[BlackElo "2077"]
[PlyCount "55"]
[WhiteFideId "24640794"]
[BlackFideId "24676900"]
[EventCountry "GER"]
[EventRounds "9"]
[EventType "swiss"]
[EventDate "2008.05.10"]

1. e4 c5 2. Nf3 d6 3. d4 cxd4 4. Nxd4 Nf6 5. Nc3 a6 6. Be2 e5 7. Nb3 Be7 8. Be3
Be6 9. O-O O-O 10. Qd2 Nbd7 11. a4 Rc8 12. a5 Nc5 13. Nxc5 dxc5 14. Rfd1 Qc7
15. Nd5 Bxd5 16. exd5 Bd6 17. Ra4 Nd7 18. g4 g6 19. Bh6 Rfe8 20. Qc3 Bf8 21.
Qh3 Qd6 22. Bxf8 Rxf8 23. g5 f5 24. gxf6 Nxf6 25. Qe6+ Qxe6 26. dxe6 Rfe8 27.
Rd7 Kf8 28. Rf7+ 1-0

[Event "DEM U16 2008"]
[Site "Willingen GER"]
[Date "2008.05.13"]
[Round "4"]
[White "Löhrke, Michael"]
[Black "Graf, Felix"]
[Result "0-1"]
[Termination "normal"]
[Board "10"]
[WhiteElo "1832"]
[BlackElo "2225"]
[PlyCount "82"]
[BlackFideId "24608904"]
[EventCountry "GER"]
[EventRounds "9"]
[EventType "swiss"]
[EventDate "2008.05.10"]

1. d4 e6 2. Bf4 Nf6 3. Nf3 b6 4. Nbd2 Ba6 5. e4 Bxf1 6. Rxf1 d5 7. Qe2 Nc6 8.
O-O-O Be7 9. c3 dxe4 10. Nxe4 Qd5 11. Nxf6+ gxf6 12. c4 Qf5 13. Bd2 O-O-O 14.
Bc3 Rhg8 15. g3 Nb4 16. Bxb4 Bxb4 17. a3 Bf8 18. Nh4 Bh6+ 19. f4 Qa5 20. Qd2
Qxd2+ 21. Rxd2 Rd6 22. Rfd1 Rgd8 23. Kc2 c6 24. a4 a6 25. Kc3 Kb7 26. b3 R6d7
27. Nf3 Bf8 28. b4 h5 29. Rb1 Bg7 30. Re1 Kc7 31. Red1 Bf8 32. Kb3 Ra8 33. Ra1
a5 34. b5 Bb4 35. Rc2 c5 36. f5 cxd4 37. fxe6 fxe6 38. Rd1 d3 39. Rf2 e5 40.
Ne1 d2 41. Nc2 Rd3+ 0-1

[Event "DEM U16 2008"]
[Site "Willingen GER"]
[Date "2008.05.13"]
[Round "4"]
[White "Schneider, Jens"]
[Black "Kaphle, Stephan"]
[Result "1/2-1/2"]
[Termination "normal"]
[Board "11"]
[WhiteElo "1796"]
[BlackElo "2136"]
[PlyCount "75"]
[WhiteFideId "24685771"]
[BlackFideId "24629103"]
[EventCountry "GER"]
[EventRounds "9"]
[EventType "swiss"]
[EventDate "2008.05.10"]

1. e4 c5 2. c3 Nf6 3. e5 Nd5 4. d4 cxd4 5. Nf3 e6 6. cxd4 d6 7. a3 Bd7 8. Bd3
a6 9. Qe2 Bc6 10. O-O Nd7 11. Re1 dxe5 12. Nxe5 Nxe5 13. dxe5 Be7 14. Qg4 g6
15. Bh6 Bf8 16. Bxf8 Kxf8 17. Be4 Kg7 18. Bxd5 Qxd5 19. Nc3 Qd3 20. Rad1 Qf5
21. Qxf5 gxf5 22. Ne2 Rhd8 23. Nc3 Kf8 24. Rxd8+ Rxd8 25. Rd1 Rc8 26. f4 Ke7
27. Kf2 Rg8 28. g3 h5 29. h4 Rb8 30. Rd2 Bd7 31. Ne2 a5 32. Ke3 Bc6 33. Nd4 Ba4
34. Rd3 Rg8 35. Kf2 Rd8 36. Ke3 Rb8 37. Rc3 Kd8 38. Nf3 1/2-1/2

[Event "DEM U16 2008"]
[Site "Willingen GER"]
[Date "2008.05.13"]
[Round "4"]
[White "Dupont, Gabriel"]
[Black "Borgmeyer, Max"]
[Result "0-1"]
[Termination "normal"]
[Board "12"]
[WhiteElo "1888"]
[BlackElo "2040"]
[PlyCount "48"]
[WhiteFideId "4634802"]
[BlackFideId "24615870"]
[EventCountry "GER"]
[EventRounds "9"]
[EventType "swiss"]
[EventDate "2008.05.10"]

1. d4 Nf6 2. c4 Nc6 3. Nc3 e5 4. d5 Ne7 5. e4 Ng6 6. a3 Bc5 7. Be2 a6 8. Nf3 d6
9. b4 Ba7 10. O-O O-O 11. Bb2 Nf4 12. Nd2 Ne8 13. Nb3 Qg5 14. g3 Bh3 15. Bc1
Bxf1 16. Kxf1 Qh6 17. gxf4 Qxh2 18. Ke1 Qxf2+ 19. Kd2 exf4 20. Qf1 Nf6 21. Qxf2
Bxf2 22. Kd3 g5 23. Bd2 Nd7 24. Rf1 Ba7 0-1

[Event "DEM U16 2008"]
[Site "Willingen GER"]
[Date "2008.05.13"]
[Round "4"]
[White "Müller, Denis"]
[Black "Schulz, Jens"]
[Result "0-1"]
[Termination "normal"]
[Board "13"]
[WhiteElo "1915"]
[BlackElo "1984"]
[PlyCount "98"]
[WhiteFideId "4696140"]
[BlackFideId "24675687"]
[EventCountry "GER"]
[EventRounds "9"]
[EventType "swiss"]
[EventDate "2008.05.10"]

1. e4 Nf6 2. e5 Nd5 3. d4 d6 4. Bc4 Nb6 5. Bb3 Nc6 6. e6 fxe6 7. Nf3 Na5 8. Ng5
Nxb3 9. axb3 Nd5 10. Nc3 Nf6 11. Qe2 Qd7 12. O-O h6 13. Nge4 g6 14. Nxf6+ exf6
15. Nd5 Kf7 16. Nf4 f5 17. Re1 Bg7 18. Qc4 Qc6 19. Qd3 e5 20. d5 Qe8 21. Qc4
Qd8 22. Ne2 f4 23. Nc3 Bd7 24. Ne4 a6 25. Qd3 Bf5 26. c4 Qd7 27. b4 Bf6 28. Qb3
g5 29. c5 g4 30. Bd2 Rag8 31. c6 Qc8 32. Qc3 h5 33. b5 axb5 34. Ra7 Bxe4 35.
Rxe4 b6 36. Qa3 Kg6 37. Qd3 Kf7 38. Qxb5 Be7 39. Rea4 h4 40. Rb7 g3 41. Raa7
Qg4 42. Qf1 gxh2+ 43. Kxh2 h3 44. g3 Qf3 45. Qg1 fxg3+ 46. fxg3 Qe2+ 47. Kh1 h2
48. Qe3 Qf1+ 49. Qg1 Qxg1# 0-1

[Event "DEM U16 2008"]
[Site "Willingen GER"]
[Date "2008.05.13"]
[Round "4"]
[White "Schiffner, Kevin"]
[Black "Wolff, Christoph"]
[Result "1/2-1/2"]
[Termination "normal"]
[Board "14"]
[WhiteElo "1928"]
[BlackElo "1709"]
[PlyCount "125"]
[WhiteFideId "24674940"]
[BlackFideId "24659495"]
[EventCountry "GER"]
[EventRounds "9"]
[EventType "swiss"]
[EventDate "2008.05.10"]

1. d4 d5 2. c4 e6 3. Nc3 Nf6 4. Bg5 Be7 5. Nf3 c6 6. e3 Nbd7 7. cxd5 exd5 8.
Bd3 O-O 9. O-O h6 10. Bh4 Re8 11. Rc1 Ne4 12. Bxe7 Qxe7 13. Qc2 Ndf6 14. Ne5
Nxc3 15. bxc3 Ne4 16. c4 f6 17. Ng6 Qf7 18. Nf4 g5 19. cxd5 gxf4 20. Bxe4 f5
21. Bf3 cxd5 22. exf4 Be6 23. Qa4 a6 24. Qa5 Rac8 25. g3 Qd7 26. Rfe1 Red8 27.
Qb6 Rxc1 28. Rxc1 Rc8 29. Rxc8+ Qxc8 30. Qd6 Qc6 31. Qd8+ Kg7 32. Qe7+ Kg8 33.
Qf6 Bd7 34. Qd8+ Kg7 35. Qe7+ Kg8 36. Bh5 Qe6 37. Qd8+ Kg7 38. Qc7 Qc6 39. Qe5+
Kg8 40. h3 b5 41. g4 Qe6 42. Qxe6+ Bxe6 43. Kf1 b4 44. Ke2 Kg7 45. Kd2 Bd7 46.
Kc2 Ba4+ 47. Kc1 Kf6 48. f3 Bb5 49. h4 a5 50. g5+ Kg7 51. Kb2 a4 52. a3 b3 53.
gxh6+ Kxh6 54. Bf7 Bc6 55. Be6 Kg6 56. h5+ Kxh5 57. Bxf5 Kh6 58. Kc3 Kg7 59.
Kb4 Kf6 60. Bd3 Bd7 61. Kc3 Be8 62. Ba6 Bc6 63. Bc8 1/2-1/2

[Event "DEM U16 2008"]
[Site "Willingen GER"]
[Date "2008.05.13"]
[Round "5"]
[White "Heimann, Andreas"]
[Black "Hirneise, Jens"]
[Result "1/2-1/2"]
[Termination "normal"]
[Board "1"]
[WhiteElo "2390"]
[BlackElo "2202"]
[PlyCount "160"]
[WhiteFideId "24624632"]
[BlackFideId "24614734"]
[EventCountry "GER"]
[EventRounds "9"]
[EventType "swiss"]
[EventDate "2008.05.10"]

1. d4 Nf6 2. c4 e6 3. Nc3 Bb4 4. Qc2 O-O 5. a3 Bxc3+ 6. Qxc3 d6 7. Nf3 b6 8.
Bg5 Nbd7 9. e3 Bb7 10. Bd3 h6 11. Bxf6 Qxf6 12. Qc2 c5 13. Bh7+ Kh8 14. Be4
Bxe4 15. Qxe4 cxd4 16. Qxd4 Rac8 17. Rd1 Rc6 18. b3 Qg6 19. O-O Nc5 20. Qb2 Ne4
21. Nd4 Rc7 22. f3 Nf6 23. Nb5 Rd7 24. e4 Rfd8 25. Rd4 Qg5 26. Qd2 a6 27. Qxg5
hxg5 28. Nc3 d5 29. e5 dxc4 30. Rxc4 Nd5 31. Re1 Nxc3 32. Rxc3 Rd2 33. Rec1 Kh7
34. b4 Kg6 35. R1c2 R2d3 36. Rxd3 Rxd3 37. Rc6 Rxa3 38. Rxb6 a5 39. Kf2 a4 40.
Ra6 Ra2+ 41. Kg3 a3 42. b5 Rb2 43. Rxa3 Rxb5 44. h4 gxh4+ 45. Kxh4 Rxe5 46. Kg3
Rb5 47. Ra7 e5 48. Ra6+ f6 49. Ra7 Rb4 50. Re7 Kh6 51. Rf7 Rb6 52. Ra7 g6 53.
Ra5 Rb4 54. Rc5 Kg5 55. Ra5 Kf5 56. Rc5 Rb2 57. Ra5 Re2 58. Rb5 Kg5 59. f4+ Kf5
60. fxe5 fxe5 61. Kf3 Re1 62. Ra5 Rf1+ 63. Ke3 g5 64. Ra4 g4 65. Ra8 Kg5 66.
Rh8 Rf6 67. Ke4 Rf2 68. g3 Re2+ 69. Kd5 Re3 70. Rg8+ Kf6 71. Rxg4 Kf5 72. Rg8
Rd3+ 73. Kc4 Rd1 74. g4+ Ke4 75. g5 Rc1+ 76. Kb3 Ke3 77. g6 e4 78. g7 Rg1 79.
Kc4 Ke2 80. Re8 Rxg7 1/2-1/2

[Event "DEM U16 2008"]
[Site "Willingen GER"]
[Date "2008.05.13"]
[Round "5"]
[White "Jorczik, Julian"]
[Black "Mazarov, Jürgen"]
[Result "1-0"]
[Termination "normal"]
[Board "2"]
[WhiteTitle "FM"]
[WhiteElo "2339"]
[BlackElo "2161"]
[PlyCount "53"]
[WhiteFideId "24611719"]
[BlackFideId "24617768"]
[EventCountry "GER"]
[EventRounds "9"]
[EventType "swiss"]
[EventDate "2008.05.10"]

1. d4 d5 2. c4 dxc4 3. e4 Nc6 4. Nf3 Bg4 5. d5 Ne5 6. Bf4 Bxf3 7. gxf3 Nd3+ 8.
Bxd3 cxd3 9. Qb3 b6 10. Na3 a6 11. Rc1 Ra7 12. O-O d2 13. Bxd2 Nf6 14. Bf4 Nh5
15. Be5 f6 16. Bg3 Nxg3 17. fxg3 g6 18. Rc6 Bh6 19. Nc2 O-O 20. Nd4 Qd7 21. Ne6
Rc8 22. f4 Kh8 23. Rfc1 g5 24. Qxb6 gxf4 25. Qxa7 fxg3 26. Rxc7 gxh2+ 27. Kh1
1-0

[Event "DEM U16 2008"]
[Site "Willingen GER"]
[Date "2008.05.13"]
[Round "5"]
[White "Marx, Joschka"]
[Black "Strunski, Andreas"]
[Result "0-1"]
[Termination "normal"]
[Board "3"]
[WhiteElo "1930"]
[BlackElo "2271"]
[PlyCount "56"]
[WhiteFideId "24645869"]
[BlackFideId "24606073"]
[EventCountry "GER"]
[EventRounds "9"]
[EventType "swiss"]
[EventDate "2008.05.10"]

1. f4 g6 2. Nf3 Bg7 3. e3 Nf6 4. d4 d6 5. Bd3 c5 6. c3 O-O 7. O-O Nc6 8. Nbd2
e5 9. Re1 Re8 10. e4 cxd4 11. cxd4 exf4 12. Nb3 Nh5 13. d5 Ne5 14. Kh1 Qb6 15.
Nxe5 Rxe5 16. Bd2 Rg5 17. Rf1 Bg4 18. Qe1 Ng3+ 19. Qxg3 fxg3 20. Bxg5 gxh2 21.
Rae1 Bxb2 22. Bd2 Qd8 23. Rb1 Be5 24. Na5 Rb8 25. Rfc1 h5 26. Nxb7 Qh4 27. Rc7
Qf2 28. Bg5 Bf3 0-1

[Event "DEM U16 2008"]
[Site "Willingen GER"]
[Date "2008.05.13"]
[Round "5"]
[White "Hobusch, Alexander"]
[Black "Geske, Julian"]
[Result "0-1"]
[Termination "normal"]
[Board "4"]
[WhiteElo "2034"]
[BlackElo "2206"]
[PlyCount "58"]
[WhiteFideId "24611387"]
[BlackFideId "24605263"]
[EventCountry "GER"]
[EventRounds "9"]
[EventType "swiss"]
[EventDate "2008.05.10"]

1. d4 Nf6 2. Nf3 g6 3. c4 Bg7 4. Nc3 O-O 5. e4 d6 6. Be2 e5 7. Be3 Ng4 8. Bg5
f6 9. Bc1 Nc6 10. d5 Ne7 11. h3 Nh6 12. h4 Nf7 13. h5 f5 14. Ng5 Nxg5 15. Bxg5
h6 16. Bd2 c5 17. g4 f4 18. a3 gxh5 19. Rxh5 Ng6 20. Rh2 Nh4 21. f3 h5 22. gxh5
Qg5 23. Bf1 Qg3+ 24. Rf2 Bg4 25. fxg4 f3 26. Ne2 fxe2 27. Qxe2 Rxf2 28. Qxf2
Nf3+ 29. Ke2 Nd4+ 0-1

[Event "DEM U16 2008"]
[Site "Willingen GER"]
[Date "2008.05.13"]
[Round "5"]
[White "Tkachuk, Konstantyn"]
[Black "Kachibadze, Georg"]
[Result "0-1"]
[Termination "normal"]
[Board "5"]
[WhiteElo "2145"]
[BlackElo "2098"]
[PlyCount "118"]
[WhiteFideId "24647330"]
[BlackFideId "24640794"]
[EventCountry "GER"]
[EventRounds "9"]
[EventType "swiss"]
[EventDate "2008.05.10"]

1. e4 c5 2. Nf3 d6 3. d4 cxd4 4. Nxd4 Nf6 5. Nc3 a6 6. Bg5 e6 7. f4 Nbd7 8. Qf3
Qc7 9. O-O-O Be7 10. g4 b5 11. Bxf6 Nxf6 12. g5 Nd7 13. f5 Nc5 14. fxe6 fxe6
15. a3 Bxg5+ 16. Kb1 Qf7 17. Qe2 O-O 18. h4 Bf6 19. h5 Bd7 20. Bh3 Rab8 21. Na2
Bxd4 22. Rxd4 e5 23. Rxd6 Bxh3 24. Rxh3 Qf1+ 25. Qxf1 Rxf1+ 26. Nc1 Nxe4 27.
Rd5 Rbf8 28. Re3 Nf6 29. Rc5 e4 30. c4 bxc4 31. Rxc4 Rh1 32. Ra4 Rc8 33. Rc3
Rxc3 34. bxc3 Rh2 35. Rxa6 Nd5 36. c4 Nc3+ 37. Ka1 Kf7 38. Ra5 Ke6 39. Rg5 Kf6
40. Rg1 Rc2 41. c5 g6 42. hxg6 hxg6 43. c6 g5 44. c7 Na4 45. c8=Q Rxc8 46. Ka2
Rb8 47. Nb3 Kg6 48. Rc1 e3 49. Re1 Nc3+ 50. Kb2 Nd5 51. Rd1 Nf4 52. Kc2 Rc8+
53. Kb1 e2 54. Re1 g4 55. Nd4 Kg5 56. a4 Rc4 57. Nxe2 Nxe2 58. Rxe2 Rxa4 59.
Re8 Rc4 0-1

[Event "DEM U16 2008"]
[Site "Willingen GER"]
[Date "2008.05.13"]
[Round "5"]
[White "Eibl, Maximilian"]
[Black "Zelbel, Patrick"]
[Result "0-1"]
[Termination "normal"]
[Board "6"]
[WhiteElo "2001"]
[BlackElo "2246"]
[PlyCount "54"]
[WhiteFideId "24620092"]
[BlackFideId "24624322"]
[EventCountry "GER"]
[EventRounds "9"]
[EventType "swiss"]
[EventDate "2008.05.10"]

1. e4 e5 2. Nf3 Nc6 3. d4 exd4 4. Bc4 Nf6 5. O-O Bc5 6. e5 d5 7. exf6 dxc4 8.
Re1+ Be6 9. Ng5 Qd5 10. Nc3 Qf5 11. Nce4 O-O-O 12. Nxc5 Qxc5 13. Nxe6 fxe6 14.
Rxe6 Qf5 15. fxg7 Rhg8 16. Rh6 Rxg7 17. Rh5 Qe4 18. f3 Qe6 19. Bf4 d3 20. c3
Rdg8 21. g3 Re8 22. b3 Qf7 23. Rg5 Rxg5 24. Bxg5 Re2 25. Bf4 Qh5 26. h4 Qc5+
27. Kh1 Qf2 0-1

[Event "DEM U16 2008"]
[Site "Willingen GER"]
[Date "2008.05.13"]
[Round "5"]
[White "Jussupow, Alexander"]
[Black "Graf, Felix"]
[Result "1/2-1/2"]
[Termination "normal"]
[Board "7"]
[WhiteElo "2040"]
[BlackElo "2225"]
[PlyCount "69"]
[WhiteFideId "24613509"]
[BlackFideId "24608904"]
[EventCountry "GER"]
[EventRounds "9"]
[EventType "swiss"]
[EventDate "2008.05.10"]

1. d4 e6 2. Nf3 Nf6 3. Bg5 c5 4. e3 b6 5. d5 h6 6. Bxf6 Qxf6 7. Nc3 d6 8. Bb5+
Kd8 9. dxe6 fxe6 10. Ne4 Qxb2 11. Nxd6 Kc7 12. Ne8+ Kb7 13. Qd8 Na6 14. Bxa6+
Kxa6 15. O-O Bd6 16. Qxd6 Rxe8 17. Qc6 Qb5 18. Qc7 Bb7 19. a4 Qc6 20. Qf4 Qe4
21. Qg3 Rad8 22. a5 b5 23. Rfc1 Rf8 24. Ne1 Rd5 25. c4 bxc4 26. Ra4 Rg5 27.
Qd6+ Bc6 28. Qxf8 Rxg2+ 29. Kf1 Rg1+ 30. Ke2 Bxa4 31. Qxc5 Bb5 32. Rc3 Qd5 33.
Qc8+ Qb7 34. Qxe6+ Qc6 35. Qe7 1/2-1/2

[Event "DEM U16 2008"]
[Site "Willingen GER"]
[Date "2008.05.13"]
[Round "5"]
[White "Grünter, Martin"]
[Black "Nuber, Blasius"]
[Result "1/2-1/2"]
[Termination "normal"]
[Board "8"]
[WhiteElo "2040"]
[BlackElo "2093"]
[PlyCount "31"]
[WhiteFideId "24640352"]
[BlackFideId "24620289"]
[EventCountry "GER"]
[EventRounds "9"]
[EventType "swiss"]
[EventDate "2008.05.10"]

1. e4 e5 2. Nf3 Nc6 3. Bc4 Nf6 4. Ng5 d5 5. exd5 Na5 6. Bb5+ c6 7. dxc6 bxc6 8.
Bd3 Nd5 9. Ne4 f5 10. Ng3 Nf4 11. Bxf5 Nxg2+ 12. Kf1 Nf4 13. d3 Bc5 14. Bxf4
O-O 15. Bxc8 Qxc8 16. Ne4 1/2-1/2

[Event "DEM U16 2008"]
[Site "Willingen GER"]
[Date "2008.05.13"]
[Round "5"]
[White "Borgmeyer, Max"]
[Black "Friedrich, Ricardo"]
[Result "0-1"]
[Termination "normal"]
[Board "9"]
[WhiteElo "2040"]
[BlackElo "1914"]
[PlyCount "108"]
[WhiteFideId "24615870"]
[BlackFideId "24667170"]
[EventCountry "GER"]
[EventRounds "9"]
[EventType "swiss"]
[EventDate "2008.05.10"]

1. e4 c5 2. b3 Nc6 3. Bb2 d6 4. Nc3 e5 5. Bc4 g6 6. Nge2 Bg7 7. O-O Nge7 8. Nd5
O-O 9. f4 Be6 10. Nxe7+ Qxe7 11. f5 Bxc4 12. bxc4 Nd4 13. Ng3 Rab8 14. Bxd4
exd4 15. Qf3 Be5 16. f6 Qe6 17. d3 b5 18. cxb5 Rxb5 19. Qf2 Rb2 20. a4 Rfb8 21.
Nh1 c4 22. Ra3 c3 23. Raa1 Ra2 24. Rac1 Rxa4 25. Qh4 Ra2 26. Ng3 Rbb2 27. Rf2
Bxg3 28. hxg3 h5 29. Qg5 Qe8 30. Qd5 Ra4 31. Qxd6 Rb6 32. Qf4 Ra5 33. Re1 Qe5
34. Qxe5 Rxe5 35. Ra1 a5 36. Rff1 Rb2 37. Ra4 Rxc2 38. Rxd4 g5 39. Rd8+ Kh7 40.
Rf8 Kg6 41. Rg8+ Kh6 42. Rg7 Rb5 43. Rxf7 Rbb2 44. Re1 Rxg2+ 45. Kh1 Rh2+ 46.
Kg1 Rbg2+ 47. Kf1 Rd2 48. Kg1 h4 49. gxh4 Rdg2+ 50. Kf1 gxh4 51. Rf8 Rd2 52.
Kg1 c2 53. Rg8 Rhe2 54. Rf1 Rf2 0-1

[Event "DEM U16 2008"]
[Site "Willingen GER"]
[Date "2008.05.13"]
[Round "5"]
[White "Kaphle, Stephan"]
[Black "Völsgen, Georg"]
[Result "1-0"]
[Termination "normal"]
[Board "10"]
[WhiteElo "2136"]
[BlackElo "1884"]
[PlyCount "89"]
[WhiteFideId "24629103"]
[BlackFideId "24635901"]
[EventCountry "GER"]
[EventRounds "9"]
[EventType "swiss"]
[EventDate "2008.05.10"]

1. e4 e5 2. Nf3 Nc6 3. Bb5 a6 4. Ba4 Nf6 5. O-O b5 6. Bb3 Be7 7. Re1 O-O 8. d4
d6 9. c3 Bg4 10. d5 Na5 11. Bc2 Nd7 12. h3 Bh5 13. Nbd2 Bg6 14. b4 Nb7 15. a4
f5 16. Qe2 fxe4 17. Nxe4 Bxe4 18. Qxe4 Nf6 19. Qe2 Qd7 20. Bg5 c5 21. dxc6 Qxc6
22. Bxf6 Bxf6 23. Be4 d5 24. Qa2 Rad8 25. Rad1 Kh8 26. Rxd5 Qxc3 27. axb5 axb5
28. Rxd8 Nxd8 29. Qb1 h6 30. Bd5 Qa3 31. Rd1 Qa4 32. Rc1 Qa6 33. Qg6 Qd6 34.
Be4 Kg8 35. Rc5 Qd7 36. Nxe5 Qd1+ 37. Kh2 Bxe5+ 38. Rxe5 Qd7 39. Qh7+ Kf7 40.
Rf5+ Ke7 41. Qxg7+ Rf7 42. Rxf7+ Nxf7 43. Bg6 Qc7+ 44. g3 Qc4 45. Qxf7+ 1-0

[Event "DEM U16 2008"]
[Site "Willingen GER"]
[Date "2008.05.13"]
[Round "5"]
[White "Tiemann, Christoph"]
[Black "Schneider, Jens"]
[Result "1/2-1/2"]
[Termination "normal"]
[Board "11"]
[WhiteElo "2077"]
[BlackElo "1796"]
[PlyCount "51"]
[WhiteFideId "24676900"]
[BlackFideId "24685771"]
[EventCountry "GER"]
[EventRounds "9"]
[EventType "swiss"]
[EventDate "2008.05.10"]

1. e4 c5 2. Nf3 a6 3. c4 d6 4. d4 cxd4 5. Nxd4 Nf6 6. Nc3 e6 7. Be2 Be7 8. O-O
O-O 9. Be3 Nbd7 10. Qd2 Qc7 11. f3 b6 12. a4 Bb7 13. a5 bxa5 14. Nb3 d5 15.
exd5 exd5 16. cxd5 Bb4 17. Rfc1 Bxd5 18. Nxd5 Bxd2 19. Rxc7 Nxd5 20. Rxd7 Bxe3+
21. Kf1 Rfd8 22. Rxd8+ Rxd8 23. Rxa5 Bb6 24. Rxa6 Rb8 25. Ke1 g6 26. g3 1/2-1/2

[Event "DEM U16 2008"]
[Site "Willingen GER"]
[Date "2008.05.13"]
[Round "5"]
[White "Schulz, Jens"]
[Black "Schiffner, Kevin"]
[Result "1-0"]
[Termination "normal"]
[Board "12"]
[WhiteElo "1984"]
[BlackElo "1928"]
[PlyCount "63"]
[WhiteFideId "24675687"]
[BlackFideId "24674940"]
[EventCountry "GER"]
[EventRounds "9"]
[EventType "swiss"]
[EventDate "2008.05.10"]

1. e4 d6 2. d4 Nf6 3. Nc3 g6 4. Be3 Bg7 5. Qd2 c6 6. O-O-O b5 7. f3 Qa5 8. Kb1
Nbd7 9. Bh6 O-O 10. Nd5 Qd8 11. Nxf6+ Nxf6 12. h4 Bb7 13. Bxg7 Kxg7 14. h5 Rh8
15. h6+ Kf8 16. Nh3 Qc7 17. Ng5 e5 18. f4 Qe7 19. Be2 c5 20. d5 a6 21. Rhf1 Bc8
22. Rf2 Nd7 23. Bg4 exf4 24. Qxf4 Ne5 25. Be6 Bxe6 26. dxe6 f6 27. Rdf1 Ke8 28.
Qxf6 Qxf6 29. Rxf6 Ng4 30. Rf7 Nxh6 31. Rd7 c4 32. Nxh7 1-0